000 00306nam a22001337a 4500
008 171006b xxu||||| |||| 00| 0 eng d
020 _a9780878223794
041 _aeng
080 _a159.9
100 _a49
101 _aPSI
245 _aAGGRESSION REPLACEMENT TRAINING
_cGOLDSTEIN,A.P
942 _2udc
_cBK
999 _c32291
_d32291